000 00985cab a2200301 4500
001 ABS51387
008 090401t1994 xxu||||| |||| 00| 0 eng d
035 _a(Sirsi) u24366
041 _aeng
245 _aRetail: strategic study phase III
260 _c1994
350 _a0
490 _aRIBA Journal
_v101(9) September 1994, 63-69(7)
520 _aResults of a survey carried out by Prospect Research into the property and construction requirements of retailers. Includes tables showing what users want, the growth in floorspace, how shoppers travel and what customers want.
650 _aCONSUMER PATTERNS
650 _aCONSUMER SPENDING
650 _aFORECASTS
650 _aHOME SHOPPING
650 _aIT ISSUES
650 _aMARKET RESEARCH
650 _aOCCUPIER REQUIREMENTS
650 _aRETAILERS
650 _aRETAILING
650 _aSHOPPING CENTRES
690 _aPROPERTY-COMMERCIAL PROPERTY-RETAIL PROPERTY
942 _n0
948 _c04/03/1997
999 _c16338
_d16338